| Tag |
First Indicator |
Second Indicator |
Subfields |
| LEADER |
00000cam a2200000 4500 |
| 001 |
in00000046474 |
| 005 |
20151007073222.0 |
| 008 |
791208s1965 caua s00000 eng d |
| 035 |
|
|
|a (OCoLC)05774579
|
| 035 |
|
|
|9 AAE9344AM
|
| 040 |
|
|
|a CRU
|c CRU
|d TXA
|d UtOrBLW
|
| 049 |
|
|
|a TXAM
|c [454384]
|
| 090 |
|
|
|a Q180.A495 1965
|b .S35
|
| 092 |
|
|
|a 583.962
|b S163g, 1965
|
| 100 |
1 |
|
|a Saleeb, Wadie Fadel.
|
| 245 |
1 |
0 |
|a Genetics and cytology of syconium persistence in Ficus carica L.
|
| 264 |
|
1 |
|a Riverside, Calif.,
|b [publisher not identified] ;
|c 1965.
|
| 300 |
|
|
|a 79 :
|b illustrations (part color)
|
| 336 |
|
|
|a text
|b txt
|2 rdacontent
|
| 337 |
|
|
|a unmediated
|b n
|2 rdamedia
|
| 338 |
|
|
|a volume
|b nc
|2 rdacarrier
|
| 502 |
|
|
|c University of California, Riverside.
|
| 650 |
|
0 |
|a Fig.
|
| 740 |
0 |
|
|a Syconium persistence in Ficus carica.
|
| 999 |
|
|
|a MARS
|
| 999 |
f |
f |
|s 78627fdc-dce0-3053-9f4b-81768bc48c3d
|i 64c31e76-b94e-3c57-8639-e808c6ff7db0
|t 0
|
| 952 |
f |
f |
|p normal
|a Texas A&M University
|b College Station
|c Sterling C. Evans Library
|d Evans: Library Stacks
|t 0
|e Q180.A495 1965 .S35
|h Library of Congress classification
|i unmediated -- volume
|m A14800996452
|
| 998 |
f |
f |
|a Q180.A495 1965 .S35
|t 0
|l Evans: Library Stacks
|